书目信息 |
| 题名: |
中华人民共和国声张建设环境保护部工业部部标准
|
|
| 作者: | ;中华人民共和国城乡建设环境保护部工业部批准 | |
| 分册: | ||
| 出版信息: | 1983 |
|
| 页数: | 11页 | |
| 开本: | 26cm | |
| 丛书名: | ||
| 单 册: | ||
| 中图分类: | T-652.2 | |
| 科图分类: | ||
| 主题词: | 工业技术--规程 , 工业技术--标准 | |
| 电子资源: | ||
| ISBN: | ||
| 000 | 00884nam0 2200205 450 | |
| 001 | 0737784609 | |
| 005 | 20070919103335.87 | |
| 010 | @dCNY0.19 | |
| 100 | @a20070919d1983 km y0chiy0120 ea | |
| 101 | 0 | @achi |
| 200 | 1 | @a中华人民共和国声张建设环境保护部工业部部标准@Azhong hua ren min gong he guo sheng zhang jian she huan jing bao hu bu gong ye bu bu biao zhun@e家用煤气灶@f中华人民共和国城乡建设环境保护部工业部批准@Fzhong hua ren min gong he guo cheng xiang jian she huan jing bao hu bu gong ye bu pi zhun |
| 210 | @d1983 | |
| 215 | @a11页@d26cm | |
| 517 | 1 | @a家用煤气灶@Ajia yong mei qi zao |
| 606 | 0 | @a工业技术@x规程 |
| 606 | 0 | @a工业技术@x标准 |
| 690 | @aT-652.2@v3 | |
| 711 | 02 | @a中华人民共和国城乡建设环境保护部工业部批准@Azhong hua ren min gong he guo cheng xiang jian she huan jing bao hu bu gong ye bu pi zhun |
| 801 | 0 | @aCN@bPFT@c20070919 |
| 905 | @a10447@dT-652.2@e42 | |
| 中华人民共和国声张建设环境保护部工业部部标准:家用煤气灶/中华人民共和国城乡建设环境保护部工业部批准.-1983 |
| 11页;26cm |
| ISBN :CNY0.19 |
| ● |
| 相关链接 |
|
|
|
|
正题名:中华人民共和国声张建设环境保护部工业部部标准
索取号:T-652.2/42
 
预约/预借
| 序号 | 登录号 | 条形码 | 馆藏地/架位号 | 状态 | 备注 |
| 1 | 0112081 | 000864791 | 密集书库/ [索取号:T-652.2/42] | 在馆 | |
| 2 | 0112082 | 000884458 | 密集书库/ [索取号:T-652.2/42] | 在馆 | |
| 3 | 0112083 | 000884467 | 密集书库/ [索取号:T-652.2/42] | 在馆 | |
| 4 | 0112084 | 000884500 | 密集书库/ [索取号:T-652.2/42] | 在馆 | |
| 5 | 0112085 | 000884519 | 密集书库/ [索取号:T-652.2/42] | 在馆 | |
| 6 | 0112086 | 000864700 | 密集书库/ [索取号:T-652.2/42] | 在馆 | |
| 7 | 0112087 | 000864844 | 密集书库/ [索取号:T-652.2/42] | 在馆 | |
| 8 | 0112088 | 000864808 | 密集书库/ [索取号:T-652.2/42] | 在馆 | |
| 9 | 0112089 | 000864764 | 密集书库/ [索取号:T-652.2/42] | 在馆 | |
| 10 | 0112090 | 000864755 | 密集书库/ [索取号:T-652.2/42] | 在馆 |